| 000 | 00767nam a22002057a 4500 | ||
|---|---|---|---|
| 003 | OSt | ||
| 005 | 20240527123228.0 | ||
| 008 | 240527s2013 ag ||||| |||| 00| 1 spa d | ||
| 020 | _a9789504936732 | ||
| 040 | _cbesoc | ||
| 100 | 1 |
_aFontanarrosa, Roberto, _d1944-2007, _eautor |
|
| 245 | 1 | 0 |
_aTe digo más... : _by otros cuentos / _cRoberto Fontanarrosa |
| 250 | _a1a ed. | ||
| 260 |
_aBuenos Aires : _bPlaneta, _c2013 |
||
| 300 | _a299 p. | ||
| 490 | 0 | _aBiblioteca Fontanarrosa Planeta | |
| 505 | 1 | _aMamá -- Desde el foso -- Un barrio sin guapos -- Matar al mensajero -- Mi encuentro con Jawaharlal -- Estimada Aurelia -- Lacus Vendelinus -- El escritor del pueblo -- Una playa desierta.´- | |
| 650 | 4 |
_aLiteratura argentina _vCuentos _ySiglo XX |
|
| 942 |
_2udc _cOG _n0 |
||
| 999 |
_c255 _d255 |
||